| 000 | 00387nam a2200145 i 4500 | ||
|---|---|---|---|
| 001 | bg | ||
| 245 | 0 |
_aĆwiczenia eksperymentalne z psychologii ogólnej / _cpod red. W. Szewczuka. |
|
| 260 |
_aWarszawa, _c1985. |
||
| 700 | 1 |
_aSzewczuk, Włodzimierz. _eRed. |
|
| 040 | _cBPK | ||
| 041 | _apol | ||
| 080 | _a159.9(075.8)(076) | ||
| 942 | _cKS | ||
| 008 | s pl f |000 0 pol | ||
| 999 |
_c28371 _d28371 |
||
| 856 |
_uhttp://koha.tu.koszalin.pl/cgi-bin/koha/opac-detail.pl?biblionumber=28371 _yKatalog online BPK |
||